[Event "Palma De Mallorca GP 2017"]
[Site "Palma de Mallorca ESP"]
[Date "2017.11.16"]
[Round "1.1"]
[White "Jakovenko, Dmitry"]
[Black "Aronian, Levon"]
[Result "1/2-1/2"]
[WhiteTitle "GM"]
[BlackTitle "GM"]
[WhiteElo "2721"]
[BlackElo "2801"]
[WhiteFideId "4122356"]
[BlackFideId "13300474"]
[EventDate "2017.11.16"]
[EventType "swiss"]

1. e4 e5 2. Nf3 Nc6 3. Bb5 a6 4. Ba4 Nf6 5. O-O Be7 6. d3 d6 7. c3 O-O 8. Re1
Re8 9. Nbd2 Bf8 10. Nf1 b5 11. Bb3 h6 12. Ng3 Ne7 13. d4 Ng6 14. a4 Rb8 15. axb5
axb5 16. Ra7 Bd7 17. h3 b4 18. Be3 bxc3 19. bxc3 Qc8 20. Qc2 c6 21. Qa2 Be6 22.
Bxe6 Qxe6 23. Qxe6 Rxe6 24. Rc7 exd4 25. Nxd4 Re7 26. Rxc6 Nxe4 27. Nxe4 1/2-1/2

[Event "Palma De Mallorca GP 2017"]
[Site "Palma de Mallorca ESP"]
[Date "2017.11.16"]
[Round "1.2"]
[White "Vachier-Lagrave, Maxime"]
[Black "Gelfand, Boris"]
[Result "1-0"]
[WhiteTitle "GM"]
[BlackTitle "GM"]
[WhiteElo "2796"]
[BlackElo "2719"]
[WhiteFideId "623539"]
[BlackFideId "2805677"]
[EventDate "2017.11.16"]
[EventType "swiss"]

1. e4 c5 2. Nf3 Nc6 3. Nc3 g6 4. d4 cxd4 5. Nxd4 Bg7 6. Be3 Nf6 7. Bc4 O-O 8.
Bb3 d5 9. exd5 Na5 10. O-O Nxb3 11. Nxb3 b6 12. d6 e6 13. Qf3 Rb8 14. Rfd1 Bb7
15. Qh3 Rc8 16. Bd4 Nd5 17. Nxd5 Bxd5 18. Bxg7 Kxg7 19. Rac1 b5 20. Qg3 Qf6 21.
Nd4 b4 22. c4 bxc3 23. Rxc3 Rxc3 24. bxc3 Rd8 25. h4 e5 26. Nf5+ Qxf5 27. Rxd5
Qe4 28. c4 f6 29. Qc3 Qb1+ 30. Kh2 Qxa2 31. Rd2 Qa4 32. g3 Qc6 33. c5 Rd7 34.
Qc4 1-0

[Event "Palma De Mallorca GP 2017"]
[Site "Palma de Mallorca ESP"]
[Date "2017.11.16"]
[Round "1.5"]
[White "Tomashevsky, Evgeny"]
[Black "Svidler, Peter"]
[Result "1/2-1/2"]
[WhiteTitle "GM"]
[BlackTitle "GM"]
[WhiteElo "2702"]
[BlackElo "2763"]
[WhiteFideId "4147235"]
[BlackFideId "4102142"]
[EventDate "2017.11.16"]
[EventType "swiss"]

1. d4 Nf6 2. c4 g6 3. g3 c5 4. d5 Bg7 5. Nc3 O-O 6. Bg2 d6 7. Nf3 e6 8. O-O exd5
9. cxd5 Re8 10. Bf4 Bf5 11. Bg5 h6 12. Bxf6 Bxf6 13. Nd2 Bc8 14. Nc4 Bxc3 15.
bxc3 b5 16. Nd2 Nd7 17. Re1 a5 18. Qc2 b4 19. a3 Ba6 20. axb4 cxb4 21. cxb4 axb4
22. Qb2 Qb6 23. Ne4 Bc4 24. Rab1 b3 25. Nd2 Rxe2 26. Rxe2 Bxe2 27. Qxb3 Qd4 28.
Qb2 Qxb2 29. Rxb2 Nf6 1/2-1/2

[Event "Palma De Mallorca GP 2017"]
[Site "Palma de Mallorca ESP"]
[Date "2017.11.16"]
[Round "1.6"]
[White "Giri, Anish"]
[Black "Rapport, Richard"]
[Result "1-0"]
[WhiteTitle "GM"]
[BlackTitle "GM"]
[WhiteElo "2762"]
[BlackElo "2692"]
[WhiteFideId "24116068"]
[BlackFideId "738590"]
[EventDate "2017.11.16"]

1. d4 e6 2. c4 b6 3. a3 Bb7 4. Nf3 Nf6 5. Bf4 Nc6 6. Nc3 Ne7 7. h3 Nf5 8. d5 Bd6
9. Qd2 exd5 10. cxd5 O-O 11. O-O-O Re8 12. e3 Bxf4 13. exf4 Ne7 14. Bc4 b5 15.
Bb3 a5 16. Nxb5 a4 17. Bc2 Nexd5 18. Rhe1 d6 19. Nfd4 Rxe1 20. Rxe1 Nb6 21. Nf5
Qd7 22. Nc3 Re8 23. g4 Rxe1+ 24. Qxe1 g6 25. Ng3 Nfd5 26. f5 Nxc3 27. Qxc3 Qd8
28. Kb1 Bg2 29. f4 d5 30. fxg6 hxg6 31. f5 d4 32. Qd2 d3 33. Qxg2 Qd4 34. Bd1
Nc4 35. fxg6 fxg6 36. Qb7 Nd2+ 37. Ka2 Qc4+ 38. b3 Qc1 39. Qd5+ Kg7 40. Qd7+ Kf8
41. Qd8+ Kg7 42. Qd7+ Kf8 43. Qxd3 Qxd1 44. bxa4 c5 45. Ne4 Nxe4 46. Qxd1 Nc3+
47. Kb3 Nxd1 48. a5 Ne3 49. a6 c4+ 50. Kc3 Nd5+ 51. Kxc4 Nc7 52. a7 g5 53. Kc5
Ke7 54. Kc6 Na8 55. Kd5 Kf6 56. Kd6 Kf7 57. Ke5 Kg6 58. Ke6 Nb6 59. a4 Na8 60.
a5 Kg7 61. Kf5 Kh6 62. Kf6 1-0

[Event "Palma De Mallorca GP 2017"]
[Site "Palma de Mallorca ESP"]
[Date "2017.11.16"]
[Round "1.8"]
[White "Radjabov, Teimour"]
[Black "Riazantsev, Alexander"]
[Result "1/2-1/2"]
[WhiteTitle "GM"]
[BlackTitle "GM"]
[WhiteElo "2741"]
[BlackElo "2651"]
[WhiteFideId "13400924"]
[BlackFideId "4125029"]
[EventDate "2017.11.16"]
[EventType "swiss"]

1. d4 Nf6 2. Nc3 d5 3. Bf4 c5 4. e3 cxd4 5. exd4 a6 6. h3 Nc6 7. Nf3 Bf5 8. Ne5
Qb6 9. Nxc6 Qxc6 10. Bd3 Bxd3 11. Qxd3 e6 12. O-O 1/2-1/2

[Event "Palma De Mallorca GP 2017"]
[Site "Palma de Mallorca ESP"]
[Date "2017.11.16"]
[Round "1.9"]
[White "Hammer, Jon Ludvig"]
[Black "Harikrishna, Pentala"]
[Result "1/2-1/2"]
[WhiteTitle "GM"]
[BlackTitle "GM"]
[WhiteElo "2629"]
[BlackElo "2738"]
[WhiteFideId "1503707"]
[BlackFideId "5007003"]
[EventDate "2017.11.16"]
[EventType "swiss"]

1. d4 Nf6 2. c4 e6 3. Nf3 d5 4. Nc3 Bb4 5. cxd5 exd5 6. Bg5 h6 7. Bh4 O-O 8. e3
Bf5 9. Qb3 Bxc3+ 10. Qxc3 Nbd7 11. Nd2 Rc8 12. b4 Re8 13. Be2 Ne4 14. Nxe4 Qxh4
15. Ng3 Bg4 16. f3 Bf5 17. O-O Qg5 18. e4 dxe4 19. Nxf5 Qxf5 20. fxe4 Qxe4 21.
Bf3 Qe3+ 22. Qxe3 Rxe3 23. Bxb7 Rb8 24. Bc6 Nf6 25. b5 Rd8 26. Rad1 Nd5 27. Rde1
Rxe1 28. Rxe1 Kf8 29. Rc1 Nf4 30. Bf3 Rxd4 31. Rxc7 Ra4 32. Rc8+ Ke7 33. Ra8 Ra5
34. a4 Nd3 35. Bd1 Nc5 36. Rc8 Nxa4 37. Rc7+ Kd6 38. Rxf7 Nc3 39. Bf3 g5 40. h4
gxh4 41. b6 axb6 42. Rf6+ Ke5 43. Rxb6 h3 44. Rxh6 Ra1+ 45. Kh2 hxg2 1/2-1/2

[Event "Palma De Mallorca GP 2017"]
[Site "Palma de Mallorca ESP"]
[Date "2017.11.17"]
[Round "2.5"]
[White "Svidler, Peter"]
[Black "Eljanov, Pavel"]
[Result "1/2-1/2"]
[WhiteTitle "GM"]
[BlackTitle "GM"]
[WhiteElo "2763"]
[BlackElo "2707"]
[WhiteFideId "4102142"]
[BlackFideId "14102951"]
[EventDate "2017.11.16"]

1. e4 e5 2. Nf3 Nc6 3. Bc4 Bc5 4. c3 Nf6 5. d3 d6 6. O-O h6 7. Re1 O-O 8. h3 a5
9. Nbd2 Be6 10. Bb5 Qb8 11. Nf1 Qa7 12. Re2 a4 13. d4 exd4 14. Bxc6 d3 15. Qxd3
bxc6 16. Ng3 Qa6 17. Qd1 Bc4 18. Re1 Qb6 19. Nd4 Rfe8 1/2-1/2

[Event "Palma De Mallorca GP 2017"]
[Site "Palma de Mallorca ESP"]
[Date "2017.11.17"]
[Round "2.7"]
[White "Harikrishna, Pentala"]
[Black "Tomashevsky, Evgeny"]
[Result "1/2-1/2"]
[WhiteTitle "GM"]
[BlackTitle "GM"]
[WhiteElo "2738"]
[BlackElo "2702"]
[WhiteFideId "5007003"]
[BlackFideId "4147235"]
[EventDate "2017.11.16"]

1. e4 e5 2. Nf3 Nc6 3. Bc4 Bc5 4. c3 Nf6 5. d3 a6 6. O-O d6 7. a4 Ba7 8. Re1 O-O
9. h3 h6 10. Nbd2 Re8 11. Nf1 Be6 12. Bxe6 Rxe6 13. b4 d5 14. Ng3 dxe4 15. dxe4
Qxd1 16. Rxd1 Rd6 17. Ba3 b5 18. Re1 Re8 19. c4 Rd3 20. axb5 axb5 21. c5 Ra8 22.
Bb2 Nxb4 23. Rec1 Rb3 24. Bxe5 Nd3 25. Rd1 Nxe5 26. Nxe5 Rxg3 27. fxg3 Bxc5+ 28.
Kh2 Rxa1 29. Rxa1 Nxe4 30. Rb1 b4 1/2-1/2

[Event "Palma De Mallorca GP 2017"]
[Site "Palma de Mallorca ESP"]
[Date "2017.11.17"]
[Round "2.8"]
[White "Li, Chao b"]
[Black "Hammer, Jon Ludvig"]
[Result "1/2-1/2"]
[WhiteTitle "GM"]
[BlackTitle "GM"]
[WhiteElo "2741"]
[BlackElo "2629"]
[WhiteFideId "8604436"]
[BlackFideId "1503707"]
[EventDate "2017.11.16"]

1. d4 d5 2. c4 e6 3. Nc3 Nf6 4. cxd5 exd5 5. Bg5 c6 6. e3 Be7 7. Bd3 Nbd7 8. Qc2
Nh5 9. Bxe7 Qxe7 10. O-O-O Nb6 11. h3 g6 12. Nf3 Ng7 13. g4 Be6 14. Kb1 O-O-O
15. Na4 Ne8 16. Rc1 Nd6 17. Nc5 Kb8 18. Ne5 Bc8 19. Rhe1 f6 20. Nf3 Rhe8 21. Rg1
g5 22. Nd2 Rh8 23. Rce1 h5 24. f4 hxg4 25. hxg4 Rh3 26. fxg5 Rxe3 27. Nf3 fxg5
28. Ne5 Rxe1+ 29. Rxe1 Ka8 30. Qc1 Qg7 31. b3 Ne4 32. Rf1 Rf8 33. Rxf8 Qxf8 34.
Nxe4 dxe4 35. Bxe4 Qb4 36. Qe3 a5 37. Kc2 Qa3 38. Kb1 Qb4 39. Kc2 Qa3 40. Kb1
Qb4 1/2-1/2

[Event "Palma De Mallorca GP 2017"]
[Site "Palma de Mallorca ESP"]
[Date "2017.11.17"]
[Round "2.9"]
[White "Gelfand, Boris"]
[Black "Rapport, Richard"]
[Result "1/2-1/2"]
[WhiteTitle "GM"]
[BlackTitle "GM"]
[WhiteElo "2719"]
[BlackElo "2692"]
[WhiteFideId "2805677"]
[BlackFideId "738590"]
[EventDate "2017.11.16"]

1. d4 e6 2. c4 b6 3. e4 Bb4+ 4. Bd2 Bxd2+ 5. Qxd2 d5 6. Bd3 Nc6 7. Ne2 dxe4 8.
Bxe4 Bb7 9. Nbc3 Nf6 10. Bf3 O-O 11. O-O Qc8 12. Rad1 Ne7 13. Bxb7 Qxb7 14. Ng3
Rad8 15. Qe3 Rfe8 16. f3 Qa6 17. b3 Qa5 18. Rd3 a6 19. Nge4 Nd7 20. a4 Nf5 21.
Qd2 Qb4 22. Rb1 Nf8 23. d5 exd5 24. Nxd5 Qxd2 25. Rxd2 c6 26. Ndc3 Rxd2 27. Nxd2
Re3 28. Nde4 Ne6 29. Rd1 h5 30. b4 h4 31. h3 Ng3 32. Kf2 Nxe4+ 33. Kxe3 Nxc3 34.
Rd6 Nxa4 35. Rxc6 Kf8 36. c5 bxc5 37. Rxa6 Nc3 38. Ra8+ Ke7 39. bxc5 Nd5+ 40.
Ke4 Nf6+ 41. Ke5 Nxc5 42. Kf5 Ne6 43. Ra7+ Kf8 44. Ra8+ Ne8 45. Kg4 g5 46. g3
hxg3 47. Kxg3 f6 48. h4 Kf7 49. hxg5 Nxg5 50. f4 Ne4+ 51. Kg4 Ng7 52. f5 1/2-1/2

[Event "Palma De Mallorca GP 2017"]
[Site "Palma de Mallorca ESP"]
[Date "2017.11.18"]
[Round "3.1"]
[White "Vachier-Lagrave, Maxime"]
[Black "Aronian, Levon"]
[Result "1/2-1/2"]
[WhiteTitle "GM"]
[BlackTitle "GM"]
[WhiteElo "2796"]
[BlackElo "2801"]
[WhiteFideId "623539"]
[BlackFideId "13300474"]
[EventDate "2017.11.16"]
[EventType "swiss"]

1. e4 e5 2. Nf3 Nc6 3. Bb5 a6 4. Ba4 Nf6 5. O-O Be7 6. d3 b5 7. Bb3 d6 8. a3 O-O
9. Nc3 Na5 10. Ba2 Be6 11. b4 Bxa2 12. Rxa2 Nc6 13. Bg5 Nd7 14. Bd2 Nf6 15. Re1
Qd7 16. Nd5 Nxd5 17. exd5 Nd8 18. a4 Rb8 19. c4 bxc4 20. dxc4 f5 21. b5 Ra8 22.
Bc3 Nb7 23. Qc2 Bf6 24. Nd2 axb5 25. cxb5 Qf7 26. Qxf5 Qxd5 27. Qc2 Nc5 28. Ne4
Bh4 29. g3 Nxe4 30. Rxe4 Bd8 31. Bb4 Rf3 32. Ra3 Rf7 33. Qc4 Qxc4 34. Rxc4 d5
35. Rc2 d4 36. Rc5 Be7 37. Rc4 Bxb4 38. Rxb4 Rd7 39. Kg2 d3 40. Ra1 d2 41. Rd1
Rd4 42. Rxd4 exd4 43. Rxd2 Rxa4 44. Rc2 Ra5 45. Rxc7 Rxb5 46. Rc8+ Kf7 1/2-1/2

[Event "Palma De Mallorca GP 2017"]
[Site "Palma de Mallorca ESP"]
[Date "2017.11.18"]
[Round "3.2"]
[White "Radjabov, Teimour"]
[Black "Giri, Anish"]
[Result "1/2-1/2"]
[WhiteTitle "GM"]
[BlackTitle "GM"]
[WhiteElo "2741"]
[BlackElo "2762"]
[WhiteFideId "13400924"]
[BlackFideId "24116068"]
[EventDate "2017.11.16"]
[EventType "swiss"]

1. d4 d5 2. c4 c6 3. Nc3 Nf6 4. e3 e6 5. Nf3 Nbd7 6. Qc2 Bd6 7. Be2 O-O 8. b3 b6
9. O-O Bb7 10. Bb2 Qe7 11. Rad1 Rad8 12. Rfe1 Rfe8 13. e4 Nxe4 14. Nxe4 dxe4 15.
Qxe4 Bb4 16. Rf1 Bd6 17. Ne5 f5 18. Qf3 Nxe5 19. dxe5 Bc5 20. Bc3 a5 21. Qf4 1/2-1/2

[Event "Palma De Mallorca GP 2017"]
[Site "Palma de Mallorca ESP"]
[Date "2017.11.18"]
[Round "3.5"]
[White "Hammer, Jon Ludvig"]
[Black "Svidler, Peter"]
[Result "0-1"]
[WhiteTitle "GM"]
[BlackTitle "GM"]
[WhiteElo "2629"]
[BlackElo "2763"]
[WhiteFideId "1503707"]
[BlackFideId "4102142"]
[EventDate "2017.11.16"]
[EventType "swiss"]

1. e4 c5 2. Nf3 d6 3. Bb5+ Nd7 4. d4 cxd4 5. Qxd4 a6 6. Bxd7+ Bxd7 7. Nc3 e5 8.
Qd3 Rc8 9. Nd2 Be6 10. Nf1 Be7 11. Ne3 Nf6 12. O-O Qc7 13. a4 Qc5 14. Rd1 O-O
15. Bd2 Bd8 16. Nf5 Bxf5 17. exf5 d5 18. Rac1 Bb6 19. Qe2 h6 20. a5 Ba7 21. Na4
Qc6 22. b3 Rfe8 23. Kh1 Qd7 24. g4 d4 25. Qf3 e4 26. Qg2 Qc6 27. g5 hxg5 28.
Bxg5 e3 29. f3 Re5 30. Qh3 e2 31. Rg1 d3 32. Nb6 Bxb6 33. axb6 Rce8 34. Bh6 Ng4
35. Rxg4 e1=Q+ 36. Rxe1 Rxe1+ 37. Kg2 R8e2+ 38. Kg3 Rg1+ 39. Kh4 Qxh6# 0-1

[Event "Palma De Mallorca GP 2017"]
[Site "Palma de Mallorca ESP"]
[Date "2017.11.18"]
[Round "3.6"]
[White "Inarkiev, Ernesto"]
[Black "Harikrishna, Pentala"]
[Result "1/2-1/2"]
[WhiteTitle "GM"]
[BlackTitle "GM"]
[WhiteElo "2683"]
[BlackElo "2738"]
[WhiteFideId "4162722"]
[BlackFideId "5007003"]
[EventDate "2017.11.16"]
[EventType "swiss"]

1. e4 c5 2. Nf3 e6 3. d4 cxd4 4. Nxd4 Nc6 5. Nc3 Qc7 6. Be3 a6 7. Be2 Nf6 8. O-O
Be7 9. f4 d6 10. Qe1 O-O 11. Qg3 Nxd4 12. Bxd4 b5 13. a3 Bb7 14. Kh1 Bc6 15.
Rae1 Rad8 16. Bd3 Qd7 17. Nd1 Nh5 18. Qg4 Nf6 19. Qg3 Nh5 20. Qg4 1/2-1/2

[Event "Palma De Mallorca GP 2017"]
[Site "Palma de Mallorca ESP"]
[Date "2017.11.18"]
[Round "3.7"]
[White "Jakovenko, Dmitry"]
[Black "Riazantsev, Alexander"]
[Result "1/2-1/2"]
[WhiteTitle "GM"]
[BlackTitle "GM"]
[WhiteElo "2721"]
[BlackElo "2651"]
[WhiteFideId "4122356"]
[BlackFideId "4125029"]
[EventDate "2017.11.16"]
[EventType "swiss"]

1. e4 c6 2. d4 d5 3. e5 Bf5 4. Nf3 e6 5. Be2 Bg6 6. O-O Nd7 7. Nbd2 a6 8. Nb3 c5
9. dxc5 Bxc5 10. Nxc5 Nxc5 11. Be3 Nd7 12. Nd4 Nxe5 13. f4 Nc6 14. c4 Nge7 15.
cxd5 Qxd5 16. Nxc6 Qxd1 17. Raxd1 bxc6 18. Bc5 1/2-1/2

[Event "Palma De Mallorca GP 2017"]
[Site "Palma de Mallorca ESP"]
[Date "2017.11.18"]
[Round "3.8"]
[White "Rapport, Richard"]
[Black "Li, Chao b"]
[Result "1/2-1/2"]
[WhiteTitle "GM"]
[BlackTitle "GM"]
[WhiteElo "2692"]
[BlackElo "2741"]
[WhiteFideId "738590"]
[BlackFideId "8604436"]
[EventDate "2017.11.16"]
[EventType "swiss"]

1. e4 e5 2. Nf3 Nf6 3. Nxe5 d6 4. Nf3 Nxe4 5. d3 Nf6 6. d4 Be7 7. Bd3 O-O 8. O-O
Re8 9. Bf4 Nbd7 10. c4 d5 11. Qb3 c5 12. cxd5 Nb6 13. Nc3 cxd4 14. Nxd4 Nfxd5
15. Nxd5 Qxd5 16. Nb5 Rd8 17. Be2 Qxb3 18. axb3 Nd5 19. Be5 Bd7 20. Rfd1 Bxb5
21. Bxb5 Nb4 22. Bc7 Rxd1+ 23. Rxd1 a6 24. Be2 Kf8 25. Bg4 g6 26. g3 h5 27. Bh3
Nc6 28. Rd7 Nb8 29. Rd5 Nc6 30. Rd7 Nb8 31. Rd5 Nc6 32. Bb6 Ke8 33. Rd7 Rb8 34.
f4 h4 35. Kf2 hxg3+ 36. Kxg3 Bd8 37. Bc5 Be7 38. Bxe7 Nxe7 39. Kh4 f6 40. Be6 a5
41. Kg4 Kf8 42. h4 b5 43. h5 gxh5+ 44. Kxh5 a4 45. b4 Ke8 46. f5 Nc6 47. Rh7 Rd8
48. Kg6 Rd2 49. Kxf6 Kd8 50. Rb7 Nxb4 51. Rxb5 Rxb2 52. Ra5 Nc6 53. Rxa4 Rb4 54.
Ra3 Kc7 55. Kf7 Ne5+ 56. Ke7 Nc6+ 57. Kf7 Ne5+ 58. Kg7 Rg4+ 59. Kf8 Rf4 60. Ke7
Nc6+ 61. Kf7 Rf2 62. Ra1 Rf4 63. Ra2 Kd6 64. Ra6 Kc7 65. f6 Ne5+ 66. Kg7 Rf1 67.
Bh3 Rf3 68. Be6 Rf1 69. Ra7+ Kd6 70. Bh3 Rg1+ 71. Kf8 Rg3 72. Bc8 Rc3 73. Ra6+
Kc7 74. Re6 Re3 75. f7 Kxc8 76. Ke8 Nxf7 77. Rxe3 Nd6+ 78. Ke7 Nf5+ 1/2-1/2

[Event "Palma De Mallorca GP 2017"]
[Site "Palma de Mallorca ESP"]
[Date "2017.11.18"]
[Round "3.9"]
[White "Vallejo Pons, Francisco"]
[Black "Gelfand, Boris"]
[Result "1-0"]
[WhiteTitle "GM"]
[BlackTitle "GM"]
[WhiteElo "2705"]
[BlackElo "2719"]
[WhiteFideId "2205530"]
[BlackFideId "2805677"]
[EventDate "2017.11.16"]
[EventType "swiss"]

1. e4 c5 2. Nf3 Nc6 3. Nc3 g6 4. d4 cxd4 5. Nxd4 Bg7 6. Be3 Nf6 7. Bc4 O-O 8.
Bb3 d6 9. f3 Bd7 10. Qd2 Nxd4 11. Bxd4 b5 12. Nd5 Nxd5 13. Bxg7 Kxg7 14. exd5 a5
15. a3 Qb6 16. O-O-O Rfc8 17. g4 h5 18. h3 Rab8 19. Rhe1 a4 20. Ba2 b4 21. Qxb4
Qxb4 22. axb4 Rxb4 23. Rxe7 Rc7 24. c4 Kf6 25. Rde1 Rcb7 26. R1e4 h4 27. f4 Kg7
28. Re2 Kf8 29. R7e3 Rb8 30. Re4 Kg7 31. Re7 R8b7 32. R7e3 Rb8 33. Ra3 Kf6 34.
Rc3 Kg7 35. Rf3 Kf6 36. Rd3 Kg7 37. Rd1 Kf6 38. Rdd2 Kg7 39. Re7 R8b7 40. Re3
Rb8 41. Ree2 Kf6 42. Rc2 R8b7 43. Kd1 Rb8 44. Ke1 R4b6 45. Kf2 Rb4 46. Kf3 Kg7
47. Ke4 f5+ 48. Kd3 fxg4 49. Re7+ Kh6 50. Rxd7 gxh3 51. Rxd6 Rxb2 52. Re6 h2 53.
Re1 Rxc2 54. Kxc2 Re8 55. Rh1 Re2+ 56. Kc3 Rxa2 57. c5 Ra3+ 58. Kb4 Rf3 59. c6
Rxf4+ 60. Kb5 Rd4 61. c7 Rxd5+ 62. Kb4 Rd4+ 63. Kc3 1-0

[Event "Palma De Mallorca GP 2017"]
[Site "Palma de Mallorca ESP"]
[Date "2017.11.19"]
[Round "4.5"]
[White "Harikrishna, Pentala"]
[Black "Vallejo Pons, Francisco"]
[Result "1-0"]
[WhiteTitle "GM"]
[BlackTitle "GM"]
[WhiteElo "2738"]
[BlackElo "2705"]
[WhiteFideId "5007003"]
[BlackFideId "2205530"]
[EventDate "2017.11.16"]
[EventType "swiss"]

1. c4 e5 2. Nc3 Bb4 3. Nd5 Na6 4. Nxb4 Nxb4 5. a3 Nc6 6. b4 d5 7. e3 Nf6 8. Bb2
d4 9. Nf3 Bg4 10. h3 Bxf3 11. gxf3 O-O 12. Qc2 a5 13. b5 Ne7 14. f4 dxe3 15.
O-O-O e2 16. Bxe2 exf4 17. h4 Kh8 18. h5 h6 19. Rdg1 Qd6 20. c5 Qd5 21. Rh4 Rfe8
22. Rxf4 Neg8 23. Bf3 Qe6 24. Qc3 Rad8 25. Rfg4 Qf5 26. Rxg7 Re1+ 27. Rxe1 Kxg7
28. Bxb7 Kf8 29. f3 Nxh5 30. Qe5 Qd7 31. Bc3 Ngf6 32. Bc6 Qe6 33. Qxe6 1-0

[Event "Palma De Mallorca GP 2017"]
[Site "Palma de Mallorca ESP"]
[Date "2017.11.19"]
[Round "4.6"]
[White "Eljanov, Pavel"]
[Black "Jakovenko, Dmitry"]
[Result "0-1"]
[WhiteTitle "GM"]
[BlackTitle "GM"]
[WhiteElo "2707"]
[BlackElo "2721"]
[WhiteFideId "14102951"]
[BlackFideId "4122356"]
[EventDate "2017.11.16"]
[EventType "swiss"]

1. c4 c5 2. g3 g6 3. Bg2 Bg7 4. Nc3 Nc6 5. Nf3 d6 6. a3 e6 7. b4 Nge7 8. O-O O-O
9. Bb2 cxb4 10. axb4 Nxb4 11. Qb3 Nec6 12. Nb5 Bxb2 13. Qxb2 a6 14. Nbd4 Rb8 15.
Nxc6 Nxc6 16. Rfb1 b5 17. cxb5 Rxb5 18. Qc3 Qb6 19. Rxb5 axb5 20. Qf6 Bd7 21.
Qf4 d5 22. h4 Qb8 23. Qh6 f6 24. Qe3 Ne5 25. Nxe5 Qxe5 26. Qxe5 fxe5 27. Ra7 Rd8
28. e3 Be8 29. Bh3 Rd6 30. Rb7 Ra6 31. d4 exd4 32. exd4 h5 33. Bf1 Ra1 34. Kg2
Rd1 35. Bxb5 Bf7 36. f4 Rxd4 37. Kf2 Rb4 38. Bc6 Rc4 39. Bb5 Rc3 40. Ra7 Kf8 41.
Rb7 Ra3 42. Bc6 Ra6 43. Bb5 Ra8 44. Bc6 Rc8 45. Rb6 Ke7 46. Ke3 Be8 47. Bxe8
Rxe8 48. Kf3 Rc8 49. Rb3 Kf6 50. Rd3 Rc5 51. g4 hxg4+ 52. Kxg4 Rc8 53. Rh3 Rh8
54. Rd3 Rd8 55. Kf3 Kf5 56. Ra3 Rc8 57. Re3 Rh8 58. Re5+ Kf6 59. Kg4 d4 60. Re2
d3 61. Rd2 Rd8 62. Kf3 Kf5 63. Ke3 Rd6 64. Kf3 Rd7 65. Ke3 Rd8 66. Kf3 Rh8 67.
Rh2 d2 68. Ke2 Rd8 69. Kd1 Kxf4 70. h5 gxh5 71. Rxh5 e5 72. Rh4+ Kf3 73. Rh3+
Kg4 74. Re3 Kf4 75. Re2 e4 76. Rf2+ Kg3 77. Re2 Kf3 78. Rh2 e3 79. Rh3+ Kf2 0-1

[Event "Palma De Mallorca GP 2017"]
[Site "Palma de Mallorca ESP"]
[Date "2017.11.19"]
[Round "4.7"]
[White "Riazantsev, Alexander"]
[Black "Tomashevsky, Evgeny"]
[Result "1/2-1/2"]
[WhiteTitle "GM"]
[BlackTitle "GM"]
[WhiteElo "2651"]
[BlackElo "2702"]
[WhiteFideId "4125029"]
[BlackFideId "4147235"]
[EventDate "2017.11.16"]
[EventType "swiss"]

1. d4 Nf6 2. c4 e6 3. Nc3 Bb4 4. Qc2 O-O 5. a3 Bxc3+ 6. Qxc3 d5 7. Nf3 dxc4 8.
Qxc4 b6 9. Bg5 Ba6 10. Qa4 Qd7 11. Qc2 c5 12. Bxf6 gxf6 13. Rd1 Rc8 14. Qd2 Qe7
15. h4 Nd7 16. Rh3 Kh8 17. Qh6 Rg8 18. h5 1/2-1/2

[Event "Palma De Mallorca GP 2017"]
[Site "Palma de Mallorca ESP"]
[Date "2017.11.19"]
[Round "4.8"]
[White "Rapport, Richard"]
[Black "Hammer, Jon Ludvig"]
[Result "1-0"]
[WhiteTitle "GM"]
[BlackTitle "GM"]
[WhiteElo "2692"]
[BlackElo "2629"]
[WhiteFideId "738590"]
[BlackFideId "1503707"]
[EventDate "2017.11.16"]
[EventType "swiss"]

1. d4 d5 2. c4 e6 3. Nc3 Nf6 4. cxd5 exd5 5. Bg5 Be7 6. e3 c6 7. Qc2 Nbd7 8. Nf3
h6 9. Bf4 Nh5 10. O-O-O Nxf4 11. exf4 g5 12. Bd3 gxf4 13. Rhe1 Kf8 14. Bf5 Bb4
15. a3 Bxc3 16. Qxc3 Nb6 17. g4 Bxf5 18. Qc5+ Kg7 19. gxf5 Qf6 20. Re7 Rhe8 21.
Rg1+ Kh7 22. Rge1 Rxe7 23. Qxe7 Qxf5 24. Nh4 Qd7 25. Qf6 Rg8 26. Re7 Qg4 27. Nf5
Qg1+ 28. Kc2 Qxf2+ 29. Kb3 1-0

[Event "Palma De Mallorca GP 2017"]
[Site "Palma de Mallorca ESP"]
[Date "2017.11.19"]
[Round "4.9"]
[White "Li, Chao b"]
[Black "Gelfand, Boris"]
[Result "1/2-1/2"]
[WhiteTitle "GM"]
[BlackTitle "GM"]
[WhiteElo "2741"]
[BlackElo "2719"]
[WhiteFideId "8604436"]
[BlackFideId "2805677"]
[EventDate "2017.11.16"]
[EventType "swiss"]

1. d4 Nf6 2. c4 e6 3. Nf3 d5 4. Nc3 c6 5. Bg5 h6 6. Bh4 dxc4 7. e4 g5 8. Bg3 b5
9. Be2 Bb7 10. h4 g4 11. Ne5 Nbd7 12. Nxd7 Qxd7 13. Be5 Bg7 14. Bxg4 O-O-O 15.
Bh3 Ne8 16. Bxg7 Nxg7 17. Ne2 f5 18. b3 fxe4 19. bxc4 Nf5 20. O-O Nxd4 21. Nxd4
Qxd4 22. Bxe6+ Kb8 23. Qxd4 Rxd4 24. Rad1 1/2-1/2

[Event "Palma De Mallorca GP 2017"]
[Site "Palma de Mallorca ESP"]
[Date "2017.11.20"]
[Round "5.3"]
[White "Jakovenko, Dmitry"]
[Black "Svidler, Peter"]
[Result "1/2-1/2"]
[WhiteTitle "GM"]
[BlackTitle "GM"]
[WhiteElo "2721"]
[BlackElo "2763"]
[WhiteFideId "4122356"]
[BlackFideId "4102142"]
[EventDate "2017.11.16"]

1. Nf3 Nf6 2. c4 c5 3. Nc3 Nc6 4. g3 g6 5. Bg2 Bg7 6. O-O O-O 7. d4 cxd4 8. Nxd4
d6 9. e3 Bg4 10. Qd2 Qd7 11. b3 Bh3 12. Bb2 Bxg2 13. Kxg2 Rac8 14. Rac1 Rfd8 15.
Rfd1 a6 16. Qe2 e6 17. Nxc6 Qxc6+ 18. Qf3 Ne8 19. Ba1 1/2-1/2